| 000 | 00546nam a2200169 4500 | ||
|---|---|---|---|
| 001 | 108712 | ||
| 003 | ES-MaACL | ||
| 005 | 20230906184707.0 | ||
| 007 | t| | ||
| 008 | 061121s1971 sp r ||||1| spa d | ||
| 100 | 1 |
_aMontmollin, Maurice de. _982662 |
|
| 245 | 1 | 0 |
_aIntroducción a la Ergonomía _b: los sistemas hombres-máquinas / _cMaurice de Montmollin; versión de Ana María Bravo. |
| 260 |
_aMadrid : _bAguilar, _c1971. |
||
| 300 |
_aXI, 210 p. ; _c21 cm. |
||
| 700 | 1 |
_aBravo, Ana María. _931444 |
|
| 852 |
_aES-MaACL _jC-38540 _bR.76831 |
||
| 999 |
_c108712 _d108712 |
||